00706 2200253 4500001002100000005001700021008004100038035002400079040001200103082001400115084002100129100002100150245008500171250001100256260003600267300002800303500003100331650001800362850001200380990001500392990001500407990001500422990001500437YOGYA-0209000003677020170116101748.0 ind  0010-020900000036770 aYOPDYOG a181.19822 a181.19822bAst F aASTIYANTO, Heniy aFilsafat Jawa :bmenggali butir-butir kearifan lokal /cpenulis, Heniy Astiyanto aCet. 1 aYogyakartabWarta Pustakac2006 ax, 470 hlmbilusc21 cm aBibliografi : hlm. 465-470 aFilsafat Jawa aYOPDYOG a06P0001280 a06P0001277 a06P0001278 a06P0001279